[Event "Play for Durgesh Fundraiser Blitz"]
[Site "Vishy Anand Arena"]
[Date "2020.09.19"]
[Round "1"]
[White "Gk06"]
[Black "Aayush NPS"]
[Result "1-0"]
[WhiteElo "2537"]
[BlackElo "1620"]
[Annotator "NA"]
[PlyCount "63"]
[EventDate "2020.09.19"]
[EventType "swiss (blitz)"]

1. d4 d5 2. Nf3 Nc6 3. Bf4 Nf6 4. e3 e6 5. Nbd2 Bb4 6. c3 Bd6 7. Bd3 Bxf4 8. exf4 Ng4 9. h3 Nf6 10. O-O O-O 11. Ne5 Nxe5 12. fxe5 Nd7 13. f4 f6 14. Nf3 f5 15. Kh2 h6 16. Qd2 c5 17. Rg1 c4 18. Bc2 b5 19. g4 g6 20. gxf5 exf5 21. Rxg6+ Kf7 22. Rag1 Qe7 23. Rg7+ Ke8 24. Rxe7+ Kxe7 25. Nh4 Kf7 26. Qg2 Ke8 27. Nxf5 Nb6 28. Nd6+ Ke7 29. Qg7+ Kd8 30. Qxf8+ Kd7 31. Rg7+ Ke6 32. f5# 1-0

[Event "Play for Durgesh Fundraiser Blitz"]
[Site "Vishy Anand Arena"]
[Date "2020.09.19"]
[Round "1"]
[White "Babysnake"]
[Black "Aryn"]
[Result "1-0"]
[WhiteElo "2528"]
[BlackElo "1620"]
[Annotator "TA"]
[PlyCount "59"]
[EventDate "2020.09.19"]
[EventType "swiss (blitz)"]

1. Nf3 d5 2. c4 Nf6 3. cxd5 Nxd5 4. e4 Nf6 5. Nc3 Nc6 6. d4 Bg4 7. Be3 e6 8. Be2 Bb4 9. Qd3 O-O 10. O-O Rc8 11. Rfd1 Re8 12. Rac1 e5 13. Nxe5 Nxe5 14. dxe5 Qxd3 15. Rxd3 Bxe2 16. Nxe2 Nxe4 17. Rc4 Be7 18. Rxe4 Rcd8 19. Rxd8 Rxd8 20. Rd4 Re8 21. Rd7 Bh4 22. f4 Rc8 23. Nd4 c5 24. Nf5 g6 25. Nxh4 b5 26. Nf3 c4 27. Ng5 Rf8 28. Bd4 h6 29. Ne4 Rc8 30. Nf6+ 1-0

[Event "Play for Durgesh Fundraiser Blitz"]
[Site "Vishy Anand Arena"]
[Date "2020.09.19"]
[Round "1"]
[White "STRANGE"]
[Black "AVNEESH"]
[Result "1-0"]
[WhiteElo "2443"]
[BlackElo "1620"]
[PlyCount "73"]
[EventDate "2020.09.19"]
[EventType "swiss (blitz)"]

1. Nf3 c5 2. c4 d6 3. Nc3 Nf6 4. g3 g6 5. Bg2 Bg7 6. d4 cxd4 7. Nxd4 O-O 8. O-O Nc6 9. Nxc6 bxc6 10. Bxc6 Rb8 11. Bg2 Bd7 12. b3 a6 13. Bb2 Nh5 14. Qd2 Nf6 15. Rac1 Re8 16. Rfd1 Qc7 17. h4 Rb6 18. Nd5 Qc5 19. Bd4 Qc6 20. Nxb6 Qc7 21. Bxf6 Bxf6 22. Nd5 Qc5 23. Nxf6+ exf6 24. e3 Qb6 25. Qxd6 Qxd6 26. Rxd6 Bf5 27. Rcd1 Kg7 28. R1d2 Re6 29. Rxe6 fxe6 30. c5 Kf7 31. c6 Ke8 32. c7 Kf7 33. Rd8 Kg7 34. c8=Q Kh6 35. Qc7 Kh5 36. Rd7 Kh6 37. Rxh7# 1-0

[Event "Play for Durgesh Fundraiser Blitz"]
[Site "Vishy Anand Arena"]
[Date "2020.09.19"]
[Round "1"]
[White "LAXMAN"]
[Black "Superark"]
[Result "1-0"]
[WhiteElo "2431"]
[BlackElo "1620"]
[PlyCount "55"]
[EventDate "2020.09.19"]
[EventType "swiss (blitz)"]

1. d4 d5 2. Nf3 Nc6 3. c4 dxc4 4. e3 Nf6 5. Bxc4 Bf5 6. Qb3 e6 7. Qxb7 Rb8 8. Qxc6+ Nd7 9. Ne5 Rb6 10. Qxd7+ Qxd7 11. Nxd7 Kxd7 12. Nc3 Bb4 13. Bd2 Bxc3 14. Bxc3 Rd8 15. O-O-O Ke8 16. d5 exd5 17. Rxd5 Rxd5 18. Bxd5 Kf8 19. Rd1 Rb8 20. e4 Bg6 21. f4 Bh5 22. g4 Bxg4 23. Rg1 Bh5 24. Bxg7+ Ke8 25. Bf6 Kd7 26. Rg7 Kd6 27. Be5+ Kc5 28. b4+ 1-0

[Event "Play for Durgesh Fundraiser Blitz"]
[Site "Vishy Anand Arena"]
[Date "2020.09.19"]
[Round "1"]
[White "Samudragupta"]
[Black "Omansh19"]
[Result "1-0"]
[WhiteElo "2369"]
[BlackElo "1620"]
[Annotator "NA"]
[PlyCount "117"]
[EventDate "2020.09.19"]
[EventType "swiss (blitz)"]

1. d4 e6 2. Bf4 Nf6 3. e3 c5 4. Nf3 cxd4 5. exd4 d5 6. Nbd2 Nc6 7. Bd3 Bd6 8. Bg3 O-O 9. c3 Bxg3 10. hxg3 Re8 11. Ne5 h6 12. f4 Qc7 13. Qe2 a5 14. g4 Nd7 15. Ndf3 f6 16. g5 hxg5 17. Nxc6 bxc6 18. fxg5 fxg5 19. Bh7+ Kf8 20. O-O Nf6 21. Ne5 Ba6 22. Bd3 Bxd3 23. Nxd3 Rab8 24. Rae1 Kg8 25. Qe3 Ne4 26. Rb1 Qg3 27. Qxg3 Nxg3 28. Rfe1 g6 29. Re3 Nf5 30. Re2 Kg7 31. Rbe1 Nd6 32. b3 Ne4 33. Rc2 Rf8 34. Nf2 Nxf2 35. Rxf2 Rxf2 36. Kxf2 Kf6 37. Kg3 Kf5 38. Rf1+ Ke4 39. Rd1 Rf8 40. a3 Rf3+ 41. gxf3+ Ke3 42. Kg2 Ke2 43. Ra1 Kd2 44. a4 Kxc3 45. Rc1+ Kxb3 46. Rxc6 Kxa4 47. Rxe6 Kb3 48. Rd6 a4 49. Ra6 a3 50. f4 a2 51. Rb6+ Kc2 52. Ra6 Kb2 53. f5 Kc1 54. fxg6 a1=Q 55. Rxa1+ Kb2 56. Rf1 Kc3 57. g7 Kxd4 58. g8=Q Ke4 59. Qxg5 1-0

[Event "Play for Durgesh Fundraiser Blitz"]
[Site "Vishy Anand Arena"]
[Date "2020.09.19"]
[Round "1"]
[White "VugarAsadli"]
[Black "Pradosh"]
[Result "1-0"]
[WhiteElo "2273"]
[BlackElo "1620"]
[PlyCount "83"]
[EventDate "2020.09.19"]
[EventType "swiss (blitz)"]

1. e4 e5 2. Nf3 d6 3. Nc3 Nc6 4. d4 Nf6 5. Bb5 Be7 6. dxe5 dxe5 7. Bxc6+ bxc6 8. Qxd8+ Bxd8 9. Nxe5 O-O 10. Nxc6 Bd7 11. Nxd8 Rfxd8 12. Bg5 Re8 13. Bxf6 gxf6 14. O-O-O Rab8 15. Rxd7 Red8 16. Rhd1 Rxd7 17. Rxd7 Re8 18. Nd5 Rf8 19. Nxf6+ Kg7 20. e5 h6 21. Rxc7 Kg6 22. Rxa7 Kf5 23. Nd7 Rd8 24. b4 Re8 25. b5 Rg8 26. b6 Re8 27. b7 Rd8 28. b8=Q Rxb8 29. Nxb8 Kxe5 30. Rxf7 Kd5 31. Rf6 Kc5 32. Rxh6 Kd5 33. h4 Kc5 34. a4 Kd5 35. a5 Ke5 36. a6 Kd5 37. a7 Kc5 38. a8=Q Kd4 39. Qa4+ Kd5 40. Qc6+ Ke5 41. Nd7+ Kf5 42. Qf3# 1-0

[Event "Play for Durgesh Fundraiser Blitz"]
[Site "Vishy Anand Arena"]
[Date "2020.09.19"]
[Round "1"]
[White "Boobyfisher"]
[Black "Dicedeepak"]
[Result "1-0"]
[WhiteElo "2245"]
[BlackElo "1657"]
[PlyCount "77"]
[EventDate "2020.09.19"]
[EventType "swiss (blitz)"]

1. Nf3 d5 2. b4 Nc6 3. b5 Nb8 4. Bb2 e6 5. e3 Nf6 6. c4 dxc4 7. Bxc4 Bd6 8. O-O O-O 9. d4 a6 10. a4 axb5 11. axb5 Rxa1 12. Bxa1 c6 13. Nbd2 cxb5 14. Bxb5 Bd7 15. Bd3 Bc6 16. Nc4 Qc7 17. Nxd6 Qxd6 18. Ne5 Nbd7 19. Qc2 Nd5 20. Bxh7+ Kh8 21. Nxc6 bxc6 22. Be4 N7f6 23. Bf3 g6 24. g3 Kg7 25. e4 Ne7 26. e5 Qc7 27. exf6+ Kxf6 28. d5+ e5 29. Re1 Kg7 30. Bxe5+ Qxe5 31. Rxe5 Nf5 32. Rxf5 gxf5 33. dxc6 Ra8 34. Qxf5 Ra1+ 35. Kg2 Rc1 36. Qg5+ Kf8 37. Qxc1 Kg7 38. c7 Kf6 39. c8=Q 1-0

[Event "Play for Durgesh Fundraiser Blitz"]
[Site "Vishy Anand Arena"]
[Date "2020.09.19"]
[Round "1"]
[White "Kaustuv Kundu"]
[Black "Avi2454"]
[Result "1-0"]
[WhiteElo "2214"]
[BlackElo "1620"]
[Annotator "NA"]
[PlyCount "47"]
[EventDate "2020.09.19"]
[EventType "swiss (blitz)"]

1. Nf3 c6 2. c4 d5 3. g3 Bg4 4. Bg2 e6 5. O-O Nf6 6. b3 c5 7. Bb2 Nc6 8. cxd5 exd5 9. d4 c4 10. Ne5 Nxe5 11. dxe5 Nd7 12. Bxd5 Nb6 13. bxc4 Be7 14. Nc3 O-O 15. Qd4 Bh5 16. Ne4 Bxe2 17. Rfe1 Bf3 18. e6 f6 19. Nxf6+ Bxf6 20. e7+ Rf7 21. exd8=Q+ Rxd8 22. Bxf7+ Kh8 23. Qxf6 gxf6 24. Bxf6# 1-0

[Event "Play for Durgesh Fundraiser Blitz"]
[Site "Vishy Anand Arena"]
[Date "2020.09.19"]
[Round "1"]
[White "Skkeyan"]
[Black "Aniketmohapatra"]
[Result "1-0"]
[WhiteElo "2182"]
[BlackElo "1613"]
[PlyCount "55"]
[EventDate "2020.09.19"]
[EventType "swiss (blitz)"]

1. d4 Nf6 2. c4 g6 3. Nc3 Bg7 4. e4 d6 5. f3 Nbd7 6. Be3 e5 7. d5 O-O 8. Bd3 a6 9. Nge2 Nc5 10. Bc2 Bd7 11. b4 Ncxe4 12. Nxe4 Nxe4 13. fxe4 Qh4+ 14. Bf2 Qg5 15. Ng3 f5 16. h4 Qe7 17. exf5 gxf5 18. Qh5 Be8 19. Nxf5 Bxh5 20. Nxe7+ Kh8 21. Nf5 Rf6 22. Nxg7 Kxg7 23. O-O Raf8 24. Be3 Rxf1+ 25. Rxf1 Bf7 26. h5 Rg8 27. h6+ Kh8 28. Rxf7 1-0

[Event "Play for Durgesh Fundraiser Blitz"]
[Site "Vishy Anand Arena"]
[Date "2020.09.19"]
[Round "1"]
[White "Aaryan Varshney"]
[Black "Kushal Jani"]
[Result "1-0"]
[WhiteElo "2147"]
[BlackElo "1902"]
[PlyCount "73"]
[EventDate "2020.09.19"]
[EventType "swiss (blitz)"]

1. d4 Nf6 2. c4 g6 3. Nf3 Bg7 4. Nc3 O-O 5. e4 d6 6. Be2 Nc6 7. O-O e5 8. d5 Ne7 9. Ne1 Ne8 10. Be3 f5 11. f3 Nf6 12. Nd3 Qe8 13. c5 f4 14. Bf2 g5 15. Rc1 h5 16. a4 g4 17. Nb5 Qd8 18. cxd6 cxd6 19. Nc7 Rb8 20. Bxa7 Bd7 21. Bxb8 Qxb8 22. Ne6 Bxe6 23. dxe6 g3 24. h3 Ng6 25. Nb4 Qa7+ 26. Kh1 Re8 27. Bb5 Re7 28. Nd5 Nxd5 29. Qxd5 Kh7 30. Qxd6 Qe3 31. Rc7 Rxc7 32. Qxc7 Qd2 33. e7 Nh4 34. Rg1 Nxg2 35. e8=Q Nh4 36. Qxh5+ Kg8 37. Qcf7# 1-0

[Event "Play for Durgesh Fundraiser Blitz"]
[Site "Vishy Anand Arena"]
[Date "2020.09.19"]
[Round "1"]
[White "Dushu2930"]
[Black "Kingofblitz"]
[Result "1-0"]
[WhiteElo "2098"]
[BlackElo "1776"]
[Annotator "NA"]
[PlyCount "55"]
[EventDate "2020.09.19"]
[EventType "swiss (blitz)"]

1. e4 c5 2. Nf3 d6 3. d4 cxd4 4. Nxd4 Nf6 5. Nc3 a6 6. f4 g6 7. Nf3 Nc6 8. Bd3 Bg7 9. O-O O-O 10. Kh1 b5 11. a3 Bb7 12. Qe1 Rc8 13. Bd2 Nd7 14. Qh4 Na5 15. Rae1 Nc4 16. Bc1 e6 17. Qh3 Re8 18. f5 exf5 19. exf5 Nde5 20. Ng5 h6 21. Nxf7 Nxf7 22. fxg6 Ng5 23. Rxe8+ Qxe8 24. Bxg5 Qc6 25. Be4 Qxe4 26. Nxe4 Re8 27. Nf6+ Bxf6 28. Qxh6 1-0

[Event "Play for Durgesh Fundraiser Blitz"]
[Site "Vishy Anand Arena"]
[Date "2020.09.19"]
[Round "1"]
[White "Stany G A"]
[Black "Shubh_2007"]
[Result "1-0"]
[WhiteElo "2073"]
[BlackElo "1893"]
[Annotator "NA"]
[PlyCount "125"]
[EventDate "2020.09.19"]
[EventType "swiss (blitz)"]

1. e4 c5 2. Nf3 d6 3. d4 cxd4 4. Nxd4 Nf6 5. Nc3 g6 6. Be3 Bg7 7. f3 O-O 8. Qd2 Nc6 9. O-O-O d5 10. exd5 Nxd5 11. Nxc6 bxc6 12. Bd4 Bxd4 13. Qxd4 Qb6 14. Qe5 Nxc3 15. Qxc3 Be6 16. Bc4 Bxc4 17. Qxc4 Rab8 18. b3 Rfd8 19. Rxd8+ Rxd8 20. Re1 e6 21. Kb2 Kg7 22. Qc3+ Qd4 23. Qxd4+ Rxd4 24. Kc3 Rd5 25. Re4 Kf6 26. Ra4 a5 27. Rc4 Rd6 28. Rc5 e5 29. Rxa5 Ke6 30. Rc5 f5 31. a4 e4 32. f4 Kf6 33. a5 Re6 34. a6 e3 35. Re5 Rd6 36. Rxe3 c5 37. Rd3 Rxa6 38. Kc4 Ra1 39. Rd2 Ra5 40. c3 Ra3 41. Rb2 Ra5 42. b4 cxb4 43. cxb4 Ra1 44. b5 Ra8 45. b6 Rb8 46. Kc5 g5 47. Kc6 gxf4 48. Kc7 Rg8 49. b7 Ke5 50. Kc6 Rb8 51. Kc7 Ke4 52. Kxb8 f3 53. Ka7 fxg2 54. Rxg2 f4 55. b8=Q f3 56. Qb7+ Ke3 57. Rg3 Ke2 58. Rxf3 Ke1 59. Rh3 Kd2 60. Rg3 Kc1 61. Qg2 Kb1 62. Rf3 Ka1 63. Rf1# 1-0

[Event "Play for Durgesh Fundraiser Blitz"]
[Site "Vishy Anand Arena"]
[Date "2020.09.19"]
[Round "1"]
[White "Kikku"]
[Black "Dhanush2004"]
[Result "1-0"]
[WhiteElo "2066"]
[BlackElo "1648"]
[Annotator "NA"]
[PlyCount "99"]
[EventDate "2020.09.19"]
[EventType "swiss (blitz)"]

1. e4 e5 2. Nf3 Nc6 3. Bc4 Bc5 4. O-O Nf6 5. d4 exd4 6. e5 d5 7. exf6 dxc4 8. fxg7 Rg8 9. Re1+ Be6 10. Bg5 Be7 11. Bxe7 Qxe7 12. Nxd4 Rxg7 13. Nxc6 bxc6 14. Nc3 Qg5 15. Qf3 O-O-O 16. g3 Bd5 17. Qe3 Qh5 18. Nxd5 Rxd5 19. Qxa7 f5 20. Qa8+ Kd7 21. Qf8 Qg6 22. Rad1 Rf7 23. Qe8+ Kd6 24. Qe5+ Kc5 25. Rxd5+ cxd5 26. c3 Rg7 27. Qd4+ Kc6 28. Re5 Rd7 29. Qe3 Kd6 30. f4 Qf6 31. Kf2 Re7 32. Rxe7 Qxe7 33. Qxe7+ Kxe7 34. Ke3 Kd6 35. h3 Kc6 36. g4 fxg4 37. hxg4 Kd6 38. a4 Ke6 39. a5 Kd6 40. f5 Ke5 41. a6 c5 42. a7 d4+ 43. Kd2 dxc3+ 44. Kxc3 Kf4 45. a8=Q Kxg4 46. f6 h5 47. f7 h4 48. f8=Q h3 49. Qaf3+ Kg5 50. Q8f6# 1-0

[Event "Play for Durgesh Fundraiser Blitz"]
[Site "Vishy Anand Arena"]
[Date "2020.09.19"]
[Round "1"]
[White "Swayham"]
[Black "VK2003"]
[Result "1-0"]
[WhiteElo "2026"]
[BlackElo "1620"]
[Annotator "NA"]
[PlyCount "47"]
[EventDate "2020.09.19"]
[EventType "swiss (blitz)"]

1. e4 e5 2. Nf3 Nc6 3. Bb5 a6 4. Ba4 Nf6 5. d3 b5 6. Bb3 Bc5 7. c3 d6 8. O-O O-O 9. Nbd2 h6 10. Re1 Bb6 11. Nf1 Be6 12. Ng3 Bxb3 13. axb3 Ne7 14. Nh4 Qd7 15. Ngf5 Kh7 16. Qf3 Nxf5 17. Nxf5 Qe6 18. Qg3 Nh5 19. Qh4 Qg6 20. Kh1 Nf6 21. Be3 Bxe3 22. Rxe3 Qg5 23. Qxg5 hxg5 24. Rh3+ 1-0

[Event "Play for Durgesh Fundraiser Blitz"]
[Site "Vishy Anand Arena"]
[Date "2020.09.19"]
[Round "1"]
[White "Junosource"]
[Black "Ameethh"]
[Result "1-0"]
[WhiteElo "2009"]
[BlackElo "1499"]
[Annotator "NA"]
[PlyCount "35"]
[EventDate "2020.09.19"]
[EventType "swiss (blitz)"]

1. d4 Nf6 2. Nf3 d5 3. c4 c6 4. g3 g6 5. Bg2 Bg7 6. O-O O-O 7. cxd5 cxd5 8. Nc3 Nc6 9. Ne5 e6 10. Nxc6 bxc6 11. b3 Qc7 12. Bf4 Qd7 13. Rc1 Ba6 14. Re1 Rac8 15. Na4 Qe7 16. Nc5 Bb7 17. b4 Qc7 18. Bxc7 1-0

[Event "Play for Durgesh Fundraiser Blitz"]
[Site "Vishy Anand Arena"]
[Date "2020.09.19"]
[Round "1"]
[White "Mastering tempo"]
[Black "Neshaqn"]
[Result "0-1"]
[WhiteElo "2006"]
[BlackElo "1794"]
[PlyCount "124"]
[EventDate "2020.09.19"]
[EventType "swiss (blitz)"]

1. e4 c5 2. Nc3 g6 3. d3 Bg7 4. g3 Nc6 5. f4 e6 6. Bg2 Nge7 7. Nf3 O-O 8. O-O d5 9. e5 Rb8 10. a4 a6 11. Bd2 b5 12. axb5 axb5 13. b3 Qb6 14. Kh1 b4 15. Ne2 Ba6 16. h3 Rfd8 17. g4 c4 18. bxc4 dxc4 19. dxc4 Bxc4 20. Qe1 Nd5 21. Rb1 Ne3 22. Bxe3 Qxe3 23. Neg1 Qxf4 24. Rf2 Nxe5 25. Rxb4 Nxf3 26. Rxf3 Qc7 27. Rxb8 Rxb8 28. Ne2 Bd5 29. Rf2 Bxg2+ 30. Rxg2 Qxc2 31. Nf4 Qb1 32. Qxb1 Rxb1+ 33. Rg1 Rxg1+ 34. Kxg1 Be5 35. Nd3 Bb8 36. Kf2 Kg7 37. Ke3 Kf6 38. Ke4 Kg5 39. Nf2 Kh4 40. Kf3 Ba7 41. Ne4 f5 42. Nf6 h6 43. Ng8 Kg5 44. Ne7 e5 45. Kg3 e4 46. h4+ Kf6 47. Nd5+ Ke5 48. Nc3 f4+ 49. Kg2 Bd4 50. Ne2 f3+ 51. Kf1 fxe2+ 52. Kxe2 Kf4 53. g5 hxg5 54. hxg5 Kxg5 55. Kf1 Kf4 56. Ke2 e3 57. Kf1 Bh8 58. Ke2 Ke4 59. Kf1 Kf3 60. Ke1 e2 61. Kd2 Bc3+ 62. Kd3 e1=Q 0-1

[Event "Play for Durgesh Fundraiser Blitz"]
[Site "Vishy Anand Arena"]
[Date "2020.09.19"]
[Round "1"]
[White "Samriddhaa"]
[Black "Chirag_k1"]
[Result "1-0"]
[WhiteElo "1996"]
[BlackElo "1357"]
[PlyCount "85"]
[EventDate "2020.09.19"]
[EventType "swiss (blitz)"]

1. e4 e6 2. d4 d5 3. Nc3 c5 4. exd5 exd5 5. dxc5 d4 6. Bb5+ Nc6 7. Nce2 Qa5+ 8. Qd2 Qxb5 9. Nxd4 Nxd4 10. Qxd4 Qd7 11. Qc3 Nf6 12. Ne2 Qc6 13. O-O Qxc5 14. Qg3 Qb6 15. Nc3 Be6 16. Rd1 Ng4 17. h3 Bd6 18. Rxd6 Qxf2+ 19. Qxf2 Nxf2 20. Kxf2 O-O 21. Bf4 Rac8 22. Rad1 Rc4 23. g3 h6 24. R6d4 Rc6 25. g4 a6 26. Kg3 Bc4 27. a3 Bb5 28. Nxb5 Rg6 29. Nd6 Rd8 30. Nf5 Rxd4 31. Rxd4 Kh7 32. Ne7 Rc6 33. Nxc6 bxc6 34. Rd7 a5 35. Ra7 f6 36. Rxa5 c5 37. Rxc5 Kg6 38. a4 Kf7 39. a5 Ke6 40. a6 Kd7 41. a7 Ke6 42. a8=Q Kf7 43. Qd5+ 1-0

[Event "Play for Durgesh Fundraiser Blitz"]
[Site "Vishy Anand Arena"]
[Date "2020.09.19"]
[Round "1"]
[White "Francy29"]
[Black "Manik555"]
[Result "1-0"]
[WhiteElo "1992"]
[BlackElo "1716"]
[Annotator "NA"]
[PlyCount "55"]
[EventDate "2020.09.19"]
[EventType "swiss (blitz)"]

1. d4 d5 2. c4 e6 3. Nf3 Nf6 4. g3 Be7 5. Bg2 O-O 6. O-O Nbd7 7. Nc3 c6 8. Qc2 dxc4 9. Rd1 Bd6 10. e4 e5 11. dxe5 Bc5 12. exf6 Qxf6 13. Bg5 Qg6 14. Bf4 Nf6 15. h3 Nh5 16. Nh4 Qf6 17. e5 Qe7 18. Nf5 Qe6 19. Nd4 Qe7 20. Ne4 Nxf4 21. gxf4 Bb6 22. Qxc4 Rd8 23. Nf3 Bf5 24. Ng3 Be6 25. Qc2 Bd5 26. Ng5 h6 27. Qh7+ Kf8 28. Qh8# 1-0

[Event "Play for Durgesh Fundraiser Blitz"]
[Site "Vishy Anand Arena"]
[Date "2020.09.19"]
[Round "1"]
[White "Aditya_dpawn"]
[Black "Vinniethepooh"]
[Result "1-0"]
[WhiteElo "1987"]
[BlackElo "2221"]
[PlyCount "93"]
[EventDate "2020.09.19"]
[EventType "swiss (blitz)"]

1. e4 c5 2. Nf3 d6 3. d4 cxd4 4. Nxd4 Nf6 5. Nc3 a6 6. Be3 e5 7. Nb3 Be7 8. h3 O-O 9. Qf3 Be6 10. O-O-O b5 11. g4 b4 12. Nd5 Nxd5 13. exd5 Bd7 14. h4 a5 15. g5 a4 16. Nd2 b3 17. axb3 Qc8 18. Rg1 Bf5 19. Bc4 axb3 20. Bxb3 Na6 21. Nb1 Nb4 22. Nc3 g6 23. h5 Qa6 24. Kd2 Rfc8 25. hxg6 fxg6 26. Ra1 Qxa1 27. Rxa1 Rxa1 28. Qg3 Raa8 29. Qh4 Na6 30. Ba4 Nc5 31. Bc6 Rab8 32. Bxc5 dxc5 33. b3 Rd8 34. Qc4 Kg7 35. Ke2 Bd6 36. Nb5 Bf8 37. Qa4 e4 38. Qa7+ Kh8 39. Qa2 Bg7 40. Qa6 Rf8 41. Nc7 Rbd8 42. Ne6 Bxe6 43. dxe6 Bc3 44. Bxe4 Rd2+ 45. Ke3 Rdxf2 46. Bd3 Bd4+ 47. Ke4 1-0

[Event "Play for Durgesh Fundraiser Blitz"]
[Site "Vishy Anand Arena"]
[Date "2020.09.19"]
[Round "1"]
[White "Ccc2016"]
[Black "Manasa_chess lady"]
[Result "1-0"]
[WhiteElo "1975"]
[BlackElo "1620"]
[Annotator "NA"]
[PlyCount "71"]
[EventDate "2020.09.19"]
[EventType "swiss (blitz)"]

1. e4 e6 2. d4 d5 3. Nd2 c5 4. Ngf3 Nc6 5. c3 cxd4 6. cxd4 Bb4 7. e5 Nge7 8. Bd3 Qb6 9. O-O Bxd2 10. Qxd2 Bd7 11. Bb1 h6 12. a3 Na5 13. Qf4 Nb3 14. Ra2 Nc6 15. Be3 Rf8 16. h3 O-O-O 17. Bc2 Kb8 18. Rd1 Nca5 19. Nd2 Nxd2 20. Rxd2 Nc4 21. Rd1 Nxe3 22. fxe3 Rc8 23. Qf2 Bb5 24. b4 Bc4 25. Raa1 Rc7 26. Bd3 Rfc8 27. Bxc4 Rxc4 28. Kh2 Rc2 29. Qxf7 Re2 30. Qxg7 Rxe3 31. Rac1 Rec3 32. Rxc3 Rxc3 33. Rf1 a6 34. Rf8+ Rc8 35. Qg8 Re8 36. Rxe8+ 1-0

[Event "Play for Durgesh Fundraiser Blitz"]
[Site "Vishy Anand Arena"]
[Date "2020.09.19"]
[Round "1"]
[White "Carlashis"]
[Black "Yashteotiachess"]
[Result "1-0"]
[WhiteElo "1959"]
[BlackElo "1620"]
[PlyCount "63"]
[EventDate "2020.09.19"]
[EventType "swiss (blitz)"]

1. d4 Nc6 2. d5 Ne5 3. g3 Nf6 4. Bg2 e6 5. f4 Nc6 6. dxc6 bxc6 7. Nc3 Bb7 8. e4 Bb4 9. Nf3 Nxe4 10. Qd4 Bxc3+ 11. bxc3 Nd6 12. Qxg7 Rf8 13. O-O Nf5 14. Qe5 d6 15. Qe2 d5 16. Ba3 Rh8 17. Ne5 Rg8 18. Rab1 Rb8 19. c4 Qd7 20. Nxd7 Kxd7 21. cxd5 cxd5 22. Rfd1 c6 23. c4 Ba6 24. Qh5 Ne3 25. Qxf7+ Kc8 26. Rxb8+ Kxb8 27. Qxg8+ Kc7 28. Qf7+ Kb6 29. c5+ Ka5 30. Rb1 Ka4 31. Qxa7 Kxa3 32. Qxa6# 1-0

[Event "Play for Durgesh Fundraiser Blitz"]
[Site "Vishy Anand Arena"]
[Date "2020.09.19"]
[Round "1"]
[White "Padmaesh M K"]
[Black "PlasticBabu"]
[Result "0-1"]
[WhiteElo "1943"]
[BlackElo "1620"]
[PlyCount "74"]
[EventDate "2020.09.19"]
[EventType "swiss (blitz)"]

1. Nf3 Nf6 2. d4 g6 3. e3 Bg7 4. Bd3 d5 5. O-O O-O 6. Nbd2 c6 7. b3 Bg4 8. h3 Bxf3 9. Nxf3 Nbd7 10. Bb2 a6 11. Ne5 Nxe5 12. dxe5 Nd7 13. f4 Qb6 14. Qe2 a5 15. Kh1 Nc5 16. Bd4 e6 17. Rac1 Rfd8 18. c4 Bf8 19. Qc2 dxc4 20. Qxc4 Rd5 21. Rfd1 Qd8 22. Be4 Nxe4 23. Qd3 Nf2+ 24. Kh2 Nxd3 25. Rxd3 c5 26. Rdc3 cxd4 27. exd4 Kg7 28. Rc7 Rxd4 29. Rxb7 Rd2 30. Rg1 Rd7 31. Rb5 Rd2 32. a4 Qd4 33. Kh1 Qxf4 34. Rb7 Qg3 35. Rb5 Rc8 36. Rb7 Rcc2 37. b4 Rxg2 0-1

[Event "Play for Durgesh Fundraiser Blitz"]
[Site "Vishy Anand Arena"]
[Date "2020.09.19"]
[Round "1"]
[White "Ramul"]
[Black "Chess98c"]
[Result "1-0"]
[WhiteElo "1940"]
[BlackElo "1654"]
[Annotator "NA"]
[PlyCount "49"]
[EventDate "2020.09.19"]
[EventType "swiss (blitz)"]

1. e4 e5 2. Nf3 Nc6 3. Bb5 d6 4. d4 exd4 5. Nxd4 Bd7 6. Bxc6 Bxc6 7. O-O Ne7 8. Bg5 f6 9. Be3 Bd7 10. Nc3 Ng6 11. Kh1 Be7 12. f4 O-O 13. Nd5 c6 14. Nxe7+ Qxe7 15. Qf3 Nh4 16. Qf2 f5 17. exf5 Nxf5 18. Nxf5 Rxf5 19. Rae1 Qf7 20. Bd4 c5 21. Bc3 Qxa2 22. Re7 Be6 23. Rxg7+ Kf8 24. Rxh7 Rf7 25. Rh8+ 1-0

[Event "Play for Durgesh Fundraiser Blitz"]
[Site "Vishy Anand Arena"]
[Date "2020.09.19"]
[Round "1"]
[White "SR1211"]
[Black "Anshuman Upadhyay"]
[Result "0-1"]
[WhiteElo "1937"]
[BlackElo "1403"]
[Annotator "NA"]
[PlyCount "34"]
[EventDate "2020.09.19"]
[EventType "swiss (blitz)"]

1. c3 e5 2. d4 Nc6 3. d5 Nce7 4. e4 c6 5. d6 Ng6 6. c4 Nf6 7. Nc3 Qb6 8. Be3 c5 9. Qc2 Qxd6 10. Rd1 Qc6 11. Nf3 d6 12. h3 Be7 13. Be2 O-O 14. O-O Rd8 15. Nd5 Nxd5 16. exd5 Qb6 17. Bd3 Bd7 0-1

[Event "Play for Durgesh Fundraiser Blitz"]
[Site "Vishy Anand Arena"]
[Date "2020.09.19"]
[Round "1"]
[White "Loss2win"]
[Black "HRICK2008"]
[Result "1-0"]
[WhiteElo "1922"]
[BlackElo "1513"]
[Annotator "NA"]
[PlyCount "69"]
[EventDate "2020.09.19"]
[EventType "swiss (blitz)"]

1. e4 Nf6 2. e5 Nd5 3. d4 d6 4. c4 Nb6 5. exd6 exd6 6. Nc3 Nc6 7. Be3 Be7 8. Qd2 h6 9. Nf3 Bg4 10. Be2 O-O 11. b3 Bf6 12. O-O Re8 13. h3 Bh5 14. Rad1 d5 15. c5 Nc8 16. a3 a5 17. Rfe1 b6 18. cxb6 Nxb6 19. Rc1 Qd7 20. Nh2 Bxe2 21. Rxe2 Re6 22. Rce1 Rae8 23. Ng4 Na7 24. Qd3 c6 25. Bxh6 gxh6 26. Nxf6+ Rxf6 27. Rxe8+ Kg7 28. R8e7 Qd6 29. Rxa7 Qxa3 30. Re3 Qc1+ 31. Qd1 Qb2 32. Rg3+ Kh7 33. Qg4 Qxf2+ 34. Kh2 Qf1 35. Qg7# 1-0

[Event "Play for Durgesh Fundraiser Blitz"]
[Site "Vishy Anand Arena"]
[Date "2020.09.19"]
[Round "1"]
[White "MMT2007"]
[Black "Stark11"]
[Result "0-1"]
[WhiteElo "1909"]
[BlackElo "1967"]
[Annotator "NA"]
[PlyCount "84"]
[EventDate "2020.09.19"]
[EventType "swiss (blitz)"]

1. d4 g6 2. c4 Bg7 3. Nc3 c5 4. d5 d6 5. e4 Nf6 6. f4 O-O 7. Nf3 Bg4 8. Be2 Nbd7 9. O-O a6 10. a4 Rb8 11. h3 Bxf3 12. Bxf3 Ne8 13. Re1 Nc7 14. Be3 b5 15. axb5 axb5 16. cxb5 Nxb5 17. Qd2 Nd4 18. Bd1 Qb6 19. Rb1 Qb4 20. Qf2 Nb6 21. e5 dxe5 22. fxe5 Bxe5 23. Bh6 Bf6 24. Bxf8 Rxf8 25. Bf3 Nf5 26. Kh1 Bh4 27. Qd2 Nc4 28. Qf4 Bg3 29. Qe4 Bxe1 30. Rxe1 Nd2 31. Qe2 Nxf3 32. Qxf3 Qxb2 33. Ne4 Qb4 34. Re2 c4 35. Kh2 Nd4 36. Qf2 Nxe2 37. Qxe2 c3 38. d6 exd6 39. Nf6+ Kg7 40. Nd7 Qf4+ 41. Kg1 Rc8 42. Qa6 c2 0-1

[Event "Play for Durgesh Fundraiser Blitz"]
[Site "Vishy Anand Arena"]
[Date "2020.09.19"]
[Round "1"]
[White "Kaspypran"]
[Black "Tusharsawant91"]
[Result "1-0"]
[WhiteElo "1891"]
[BlackElo "1620"]
[Annotator "NA"]
[PlyCount "65"]
[EventDate "2020.09.19"]
[EventType "swiss (blitz)"]

1. d4 Nf6 2. Bf4 g6 3. Nc3 Bg7 4. e4 d6 5. Qd2 O-O 6. O-O-O e6 7. f3 Nc6 8. Nge2 Bd7 9. h4 a6 10. Bh6 Re8 11. Bxg7 Kxg7 12. g4 Rh8 13. h5 Ne7 14. Ng3 Bc6 15. Bg2 Qd7 16. Qg5 h6 17. Qf4 g5 18. Qe3 d5 19. e5 Nh7 20. f4 f6 21. exf6+ Nxf6 22. fxg5 Nxg4 23. gxh6+ Rxh6 24. Qg5+ Kh7 25. Qxg4 Nf5 26. Nxf5 exf5 27. Qf4 Qg7 28. Qxf5+ Kh8 29. Bxd5 Bxd5 30. Nxd5 Rf8 31. Qe4 Qg5+ 32. Kb1 Rxh5 33. Rxh5+ 1-0

[Event "Play for Durgesh Fundraiser Blitz"]
[Site "Vishy Anand Arena"]
[Date "2020.09.19"]
[Round "1"]
[White "Namitbir Singh"]
[Black "Haldankardhruv"]
[Result "1-0"]
[WhiteElo "1890"]
[BlackElo "1796"]
[Annotator "NA"]
[PlyCount "85"]
[EventDate "2020.09.19"]
[EventType "swiss (blitz)"]

1. e4 c5 2. Nf3 a6 3. c4 Nc6 4. d4 cxd4 5. Nxd4 e5 6. Nb3 Nf6 7. Bd3 d6 8. f3 Be7 9. Be3 Be6 10. O-O O-O 11. Nc3 Rc8 12. Rc1 Nd7 13. Nd5 f5 14. exf5 Bxf5 15. Bxf5 Rxf5 16. Nxe7+ Qxe7 17. Qd3 Rcf8 18. Rfd1 R8f6 19. Qd5+ Kh8 20. c5 Nxc5 21. Nxc5 dxc5 22. Bxc5 Qe8 23. Be3 h6 24. Qe4 Qg6 25. Kh1 Qf7 26. Qd5 Qe7 27. Bc5 Qe8 28. Bf2 e4 29. Qd7 Qxd7 30. Rxd7 exf3 31. gxf3 Rxf3 32. Bg3 Rf1+ 33. Rxf1 Rxf1+ 34. Kg2 Ra1 35. Rxb7 Rxa2 36. Kf3 Na5 37. Rb4 Kh7 38. Ke4 Kg6 39. Rb6+ Kh5 40. Rxa6 Nc4 41. Rxa2 Nd2+ 42. Kd4 Nf1 43. Ra5+ 1-0